Welcome to Marium Abdulla Library

Embrace knowledge with a breath of fresh air.

Browse Collection

Marium Abdulla Library

Pop Art: (Record no. 10188)

MARC details
000 -LEADER
fixed length control field 01484nam a2200253Ia 4500
001 - CONTROL NUMBER
control field 10071
003 - CONTROL NUMBER IDENTIFIER
control field OSt
005 - DATE AND TIME OF LATEST TRANSACTION
control field 20260407162141.0
008 - FIXED-LENGTH DATA ELEMENTS--GENERAL INFORMATION
fixed length control field 211022s9999 xx 000 0 und d
020 ## - INTERNATIONAL STANDARD BOOK NUMBER
International Standard Book Number 0500235910
040 ## - CATALOGING SOURCE
Transcribing agency IVS
082 ## - DEWEY DECIMAL CLASSIFICATION NUMBER
Classification number 709.04 LIV
Edition information 23
Item number 10071
100 ## - MAIN ENTRY--PERSONAL NAME
Personal name Livingstone, Marco
245 #0 - TITLE STATEMENT
Title Pop Art:
Remainder of title A Continuing History/
Statement of responsibility, etc. by Marco Livingstone
260 ## - PUBLICATION, DISTRIBUTION, ETC.
Place of publication, distribution, etc. London
260 ## - PUBLICATION, DISTRIBUTION, ETC.
Name of publisher, distributor, etc. Thomas and Hudson
260 ## - PUBLICATION, DISTRIBUTION, ETC.
Date of publication, distribution, etc. 1990
300 ## - PHYSICAL DESCRIPTION
Extent 271 p. :
520 ## - SUMMARY, ETC.
Summary, etc. "Pop Art" by Marco Livingstone offers an insightful exploration of the pop art movement, its origins, and its key figures. The book delves into the cultural and social contexts that birthed pop art in the mid-20th century, highlighting its break from traditional art forms and its embrace of popular culture, commercialism, and mass media. Livingstone examines the works and impacts of prominent artists such as Andy Warhol, Roy Lichtenstein, and Claes Oldenburg, illustrating how their innovative approaches challenged the boundaries of art.<br/><br/>The text also discusses the influence of advertising, comic books, and everyday objects on the pop art aesthetic, shedding light on how these elements were transformed into high art. Through a blend of theory and visual analysis, Livingstone captures the essence of pop art, its evolution, and its lasting legacy in contemporary visual culture.
650 ## - SUBJECT ADDED ENTRY--TOPICAL TERM
Topical term or geographic name entry element Art History
650 ## - SUBJECT ADDED ENTRY--TOPICAL TERM
Topical term or geographic name entry element Pop Art
650 ## - SUBJECT ADDED ENTRY--TOPICAL TERM
Topical term or geographic name entry element 20th Century Art
942 ## - ADDED ENTRY ELEMENTS (KOHA)
Koha item type Book
Source of classification or shelving scheme Dewey Decimal Classification
Suppress in OPAC No
Holdings
Date last seen Total checkouts Full call number Barcode Price effective from Koha item type Lost status Damaged status Not for loan Collection Withdrawn status Home library Current library Shelving location Date acquired Source of acquisition Cost, normal purchase price
10/26/2021   709.04 LIV 10071 10/26/2021 Book       Fine Arts   Marium Abdulla Library Marium Abdulla Library Non-Ref 11/25/2011 Mr. and Mrs. Ehsan Malik 2000.00